| 000 | 00504 a2200157 4500 | ||
|---|---|---|---|
| 003 | Nust | ||
| 005 | 20170207154215.0 | ||
| 040 | _cNust | ||
| 082 | _a378.4 | ||
| 245 |
_aMilitary College Jhelum- Prospectus 2002 _cMilitary College Jhelum |
||
| 260 |
_aJhelum _bMilitary College Jhelum _c2002 |
||
| 300 | _a17 p. | ||
| 505 | _aIntroduction (Page-1) Establishment (Page-2) Teaching Facilities (Page-3) Library (Page-4) Submission of Application | ||
| 538 | _aAlmirah No. 117 Shelf No. 2 | ||
| 650 | _aProspectus | ||
| 942 |
_2ddc _cBK |
||
| 999 |
_c195085 _d195085 |
||